[Event "GER H-2156 D email"]
[Site "GER email"]
[Date "2008.02.18"]
[Round "?"]
[White "Bleifeld, Heinz"]
[Black "Krumm, Guenther"]
[Result "0-1"]
[WhiteElo "2053"]
[BlackElo "2092"]
[PlyCount "76"]
[EventDate "2008.??.??"]
[EventType "tourn (corr)"]
[EventRounds "6"]
[EventCountry "GER"]
[SourceTitle "Corr 2011"]
[Source "ChessBase"]
[SourceDate "2010.08.31"]
[SourceVersion "1"]
[SourceVersionDate "2010.08.31"]
[SourceQuality "1"]

1. e4 c5 2. Nf3 Nc6 3. d4 cxd4 4. Nxd4 Nf6 5. Nc3 e5 6. Ndb5 d6 7. Bg5 a6 8. Na3 b5 9. Bxf6 gxf6 10. Nd5 f5 11. Bd3 Be6 12. Qh5 Rg8 13. g3 Nd4 14. c3 fxe4 15. Bxe4 Bg4 16. Qxh7 Rg7 17. Qh6 Nf3+ 18. Ke2 Ng5+ 19. f3 Nxe4 20. fxg4 Qc8 21. Qe3 Qxg4+ 22. Qf3 Qxf3+ 23. Kxf3 f5 24. Nc2 Kf7 25. Nce3 Nf6 26. a4 Nxd5 27. Nxd5 Ke6 28. Rad1 Raa7 29. axb5 axb5 30. Rhe1 Rh7 31. Re2 Bh6 32. Nb4 Rac7 33. Ra1 e4+ 34. Kg2 Ra7 35. Rxa7 Rxa7 36. Nc6 Rg7 37. Re1 f4 38. g4 Rxg4+ 0-1

[Event "GER H-2156 D email"]
[Site "GER email"]
[Date "2008.02.18"]
[Round "?"]
[White "Bleifeld, Heinz"]
[Black "Walka, Wolfram"]
[Result "1/2-1/2"]
[WhiteElo "2053"]
[BlackElo "1904"]
[PlyCount "61"]
[EventDate "2008.??.??"]
[EventType "tourn (corr)"]
[EventRounds "6"]
[EventCountry "GER"]
[SourceTitle "Corr 2011"]
[Source "ChessBase"]
[SourceDate "2010.08.31"]
[SourceVersion "1"]
[SourceVersionDate "2010.08.31"]
[SourceQuality "1"]

1. e4 e5 2. f4 exf4 3. Nf3 g5 4. Bc4 g4 5. 0-0 gxf3 6. Qxf3 Qf6 7. d3 Bh6 8. Nc3 Ne7 9. Bxf4 Bxf4 10. Qxf4 Qxf4 11. Rxf4 f5 12. exf5 c6 13. Re1 Kd8 14. Bf7 d5 15. f6 Ng6 16. Bxg6 hxg6 17. Ne2 Rf8 18. Nd4 g5 19. Rf2 Na6 20. f7 Nc7 21. Rf6 g4 22. h4 a5 23. h5 c5 24. Rd6+ Bd7 25. Nb3 Rxf7 26. Nxc5 Na6 27. Ne6+ Ke7 28. Ng5+ Kxd6 29. Nxf7+ Kc5 30. h6 Bf5 31. Rf1 1/2-1/2